| 000 -LEADER |
| fixed length control field |
00947cam a2200277 a 4500 |
| 001 - CONTROL NUMBER |
| control field |
2260045 |
| 003 - CONTROL NUMBER IDENTIFIER |
| control field |
OSt |
| 005 - DATE AND TIME OF LATEST TRANSACTION |
| control field |
20230811153108.0 |
| 008 - FIXED-LENGTH DATA ELEMENTS--GENERAL INFORMATION |
| fixed length control field |
220523s1992 nyuab b 001 0aeng |
| 010 ## - LIBRARY OF CONGRESS CONTROL NUMBER |
| LC control number |
92020762 |
| 020 ## - INTERNATIONAL STANDARD BOOK NUMBER |
| International Standard Book Number |
9780553563382 |
| Qualifying information |
(pbk.) |
| 040 ## - CATALOGING SOURCE |
| Original cataloging agency |
DHU |
| Transcribing agency |
KH8 |
| 042 ## - AUTHENTICATION CODE |
| Authentication code |
nbic |
| 082 00 - DEWEY DECIMAL CLASSIFICATION NUMBER |
| Classification number |
355.009 NOR |
| 100 10 - MAIN ENTRY--PERSONAL NAME |
| Personal name |
Schwarzkopf, H. Norman, |
| Dates associated with a name |
1934- |
| Relator term |
author. |
| 245 10 - TITLE STATEMENT |
| Title |
It doesn't take a hero : |
| Remainder of title |
General H. Norman Schwarzkopf, the autobiography / |
| Statement of responsibility, etc. |
written with Peter Petre. |
| 260 ## - PUBLICATION, DISTRIBUTION, ETC. |
| Place of publication, distribution, etc. |
New York : |
| Name of publisher, distributor, etc. |
Bantam Books, |
| Date of publication, distribution, etc. |
1993. |
| 300 ## - PHYSICAL DESCRIPTION |
| Extent |
xii, 625 pages : |
| Other physical details |
illustrations, photographs, maps ; |
| Dimensions |
4.22 x 1.41 x 6.7 inches. |
| 500 ## - GENERAL NOTE |
| General note |
Includes Index |
| 504 ## - BIBLIOGRAPHY, ETC. NOTE |
| Bibliography, etc. note |
Includes bibliographical references (p. 588-589) and index. |
| 600 10 - SUBJECT ADDED ENTRY--PERSONAL NAME |
| Personal name |
Schwarzkopf, H. Norman, |
| Dates associated with a name |
1934- |
| 610 10 - SUBJECT ADDED ENTRY--CORPORATE NAME |
| Corporate name or jurisdiction name as entry element |
United States. |
| Subordinate unit |
Army |
| General subdivision |
Biography. |
| 650 #0 - SUBJECT ADDED ENTRY--TOPICAL TERM |
| Topical term or geographic name entry element |
Generals |
| Geographic subdivision |
United States |
| General subdivision |
Biography. |
| 700 1# - ADDED ENTRY--PERSONAL NAME |
| Personal name |
Petre, Peter. |
| Relator term |
author. |
| 942 ## - ADDED ENTRY ELEMENTS (KOHA) |
| Source of classification or shelving scheme |
|
| Koha item type |
Teaching Resources |